[Event "Kidlington op 43rd"]
[Site "Kidlington"]
[Date "2020.02.01"]
[Round "1"]
[White "Archer Lock, Christopher J"]
[Black "Greet, Andrew"]
[Result "0-1"]
[WhiteElo "183"]
[BlackElo "226"]
[PlyCount "102"]
[EventDate "2020.02.01"]
[EventType "swiss"]
[EventRounds "5"]
[EventCountry "ENG"]
[SourceTitle "CBM 195 Extra"]
[Source "ChessBase"]
[SourceDate "2020.05.31"]
[SourceVersion "1"]
[SourceVersionDate "2020.05.31"]
[SourceQuality "1"]

1. d4 d5 2. Nf3 Nf6 3. g3 b5 4. Bg2 e6 5. a4 b4 6. 0-0 Bb7 7. Bg5 Nbd7 8. Nbd2 h6 9. Bxf6 Nxf6 10. c4 c5 11. dxc5 Bxc5 12. Nb3 Be7 13. Nfd4 Rc8 14. cxd5 Bxd5 15. Bxd5 Qxd5 16. Rc1 Rxc1 17. Qxc1 0-0 18. Qc6 Qh5 19. Qf3 Qxf3 20. exf3 Nd5 21. Rc1 Bf6 22. f4 g5 23. fxg5 hxg5 24. Rc2 a6 25. Kg2 Kg7 26. a5 Rd8 27. Rc6 Ne7 28. Rc4 Rb8 29. Nc1 b3 30. Ndxb3 Bxb2 31. Nc5 Rb5 32. Nxa6 Rxa5 33. Nc5 Nd5 34. N1d3 Bf6 35. Ne4 Ra2 36. Kh3 Be7 37. Nec5 Bxc5 38. Rxc5 Rd2 39. Ne5 Rxf2 40. Rb5 Re2 41. Nf3 Kf6 42. Nd4 Rd2 43. Nf3 Rf2 44. Rb3 Kf5 45. Nd4+ Ke4 46. Nc6 f5 47. Nd8 Ke5 48. g4 Nf4+ 49. Kg3 Rg2+ 50. Kf3 fxg4+ 51. Ke3 Re2# 0-1

[Event "Torquay op 50th"]
[Site "Torquay"]
[Date "2016.11.13"]
[Round "4"]
[White "Archer Lock, Christopher J"]
[Black "Bolt, Graham"]
[Result "1/2-1/2"]
[WhiteElo "2043"]
[BlackElo "2076"]
[PlyCount "160"]
[EventDate "2016.11.10"]
[EventType "swiss"]
[EventRounds "5"]
[EventCountry "ENG"]
[SourceTitle "EXT 2022"]
[Source "ChessBase"]
[SourceDate "2021.10.06"]
[SourceVersion "1"]
[SourceVersionDate "2021.10.06"]
[SourceQuality "1"]

1. d4 g6 2. c4 Bg7 3. Nc3 d6 4. Nf3 Nf6 5. Bf4 Bg4 6. e3 Nh5 7. Bg5 h6 8. Bh4 0-0 9. Be2 c6 10. h3 Bxf3 11. Bxf3 Nf6 12. 0-0 Nbd7 13. Qc2 Rc8 14. b4 d5 15. c5 e5 16. Rab1 b5 17. a4 a6 18. axb5 axb5 19. Ra1 Ra8 20. Ra2 Rxa2 21. Qxa2 Qc8 22. Ra1 Nh7 23. Qd2 Qb7 24. Bg3 Ra8 25. Rxa8+ Qxa8 26. dxe5 Qa1+ 27. Bd1 Nxe5 28. Bxe5 Bxe5 29. Ne2 Ng5 30. f3 Ne6 31. Qc1 Qa7 32. Bb3 Bg7 33. Kf2 Qe7 34. Qa3 Kh7 35. Ba2 Qf6 36. Bb1 Qh4+ 37. Kf1 h5 38. f4 Qf6 39. Ng3 Qc3 40. Qxc3 Bxc3 41. Nxh5 Kh6 42. f5 Kxh5 43. fxe6 fxe6 44. e4 Bxb4 45. exd5 exd5 46. Bd3 Bxc5 47. Be2+ Kg5 48. Bg4 b4 49. Ke2 Be7 50. Bd7 c5 51. Be6 d4 52. Kd3 Kf4 53. Bd5 Kg3 54. Kc4 g5 55. Kd3 Kf2 56. Kd2 Bd6 57. Kd3 Kf1 58. Be4 b3 59. Kc4 Ke2 60. Kxb3 d3 61. Bf3+ Ke1 62. Kc3 c4 63. Kxc4 d2 64. Kd5 Bg3 65. Ke4 d1Q 66. Bxd1 Kxd1 67. Kf5 Bf4 68. h4 Bc1 69. h5 Ke2 70. h6 g4 71. h7 Bb2 72. Kxg4 Ke3 73. Kf5 Bh8 74. g4 Kd4 75. Ke6 Ke4 76. g5 Kf4 77. g6 Kg5 78. Kf7 Kh6 79. Kg8 Kxg6 80. Kxh8 Kf7 1/2-1/2

[Event "Torquay op 50th"]
[Site "Torquay"]
[Date "2016.11.13"]
[Round "5"]
[White "Taylor, Robert Graham"]
[Black "Archer Lock, Christopher J"]
[Result "1/2-1/2"]
[WhiteElo "1973"]
[BlackElo "2043"]
[PlyCount "36"]
[EventDate "2016.11.10"]
[EventType "swiss"]
[EventRounds "5"]
[EventCountry "ENG"]
[SourceTitle "EXT 2022"]
[Source "ChessBase"]
[SourceDate "2021.10.06"]
[SourceVersion "1"]
[SourceVersionDate "2021.10.06"]
[SourceQuality "1"]

1. d4 e6 2. c4 b6 3. Nc3 Bb7 4. e4 Bb4 5. f3 f5 6. exf5 Nh6 7. fxe6 0-0 8. Bxh6 Qh4+ 9. g3 Qxh6 10. exd7 Qe3+ 11. Be2 Bxc3+ 12. bxc3 Qxc3+ 13. Kf2 Nxd7 14. Rb1 Nf6 15. Qd3 Ng4+ 16. Kg2 Ne3+ 17. Kf2 Ng4+ 18. Kg2 Ne3+ 1/2-1/2

[Event "Torquay op 50th"]
[Site "Torquay"]
[Date "2016.11.12"]
[Round "3"]
[White "Cordner, David A"]
[Black "Archer Lock, Christopher J"]
[Result "1/2-1/2"]
[WhiteElo "1980"]
[BlackElo "2043"]
[PlyCount "47"]
[EventDate "2016.11.10"]
[EventType "swiss"]
[EventRounds "5"]
[EventCountry "ENG"]
[SourceTitle "EXT 2022"]
[Source "ChessBase"]
[SourceDate "2021.10.06"]
[SourceVersion "1"]
[SourceVersionDate "2021.10.06"]
[SourceQuality "1"]

1. d4 e6 2. c4 b6 3. Nc3 Bb7 4. e4 Bb4 5. Bd3 f5 6. Qe2 Nf6 7. Bg5 fxe4 8. Bxe4 Bxe4 9. Bxf6 Qxf6 10. Qxe4 Nc6 11. Nf3 Bxc3+ 12. bxc3 0-0 13. 0-0 Qf4 14. Rfe1 Rae8 15. Qxf4 Rxf4 16. Ne5 Nxe5 17. Rxe5 Ref8 18. f3 R8f5 19. Rxf5 Rxf5 20. Kf2 Kf7 21. Ke3 Rh5 22. Rh1 Ra5 23. Ra1 Rh5 24. Rh1 1/2-1/2

[Event "Torquay op 49th"]
[Site "Torquay"]
[Date "2015.11.14"]
[Round "2"]
[White "Littlejohns, David"]
[Black "Archer Lock, Christopher J"]
[Result "1/2-1/2"]
[WhiteElo "2006"]
[BlackElo "2035"]
[PlyCount "30"]
[EventDate "2015.11.13"]
[EventType "swiss"]
[EventRounds "5"]
[EventCountry "ENG"]
[SourceTitle "EXT 2022"]
[Source "ChessBase"]
[SourceDate "2021.10.06"]
[SourceVersion "1"]
[SourceVersionDate "2021.10.06"]
[SourceQuality "1"]

1. e4 e6 2. d4 d5 3. exd5 exd5 4. Nf3 Nc6 5. Be2 Bd6 6. Bg5 f6 7. Bh4 Nge7 8. Bg3 Bg4 9. Nc3 Qd7 10. Bxd6 Qxd6 11. Qd2 0-0-0 12. 0-0-0 g5 13. h3 Bf5 14. Bd3 h5 15. Bxf5+ Nxf5 1/2-1/2

[Event "BCF-ch Atkins op"]
[Site "Coventry"]
[Date "2015.08.02"]
[Round "5"]
[White "Archer Lock, Christopher J"]
[Black "Basman, Michael J"]
[Result "1/2-1/2"]
[WhiteElo "2020"]
[BlackElo "2324"]
[PlyCount "44"]
[EventDate "2015.07.31"]
[EventType "swiss"]
[EventRounds "5"]
[EventCountry "ENG"]
[SourceTitle "CBM 167 Extra"]
[Source "ChessBase"]
[SourceDate "2015.09.14"]
[SourceVersion "1"]
[SourceVersionDate "2015.09.14"]
[SourceQuality "1"]

1. e4 g5 2. d4 h6 3. Nc3 d6 4. Bc4 Nf6 5. Nge2 c6 6. a3 d5 7. exd5 cxd5 8. Bd3 Nc6 9. 0-0 e6 10. Be3 Bd6 11. Ng3 g4 12. Re1 h5 13. Bg5 Kf8 14. Bb5 h4 15. Nf1 Rh5 16. Qd2 a6 17. Be2 Nxd4 18. Bxg4 Rxg5 19. Qxg5 Nxc2 20. Nxd5 exd5 21. Qh6+ Kg8 22. Qg5+ Kf8 1/2-1/2

[Event "BCF-ch Week2 AM op"]
[Site "Aberystwyth"]
[Date "2014.07.30"]
[Round "3"]
[White "Rosen, Daniel B"]
[Black "Archer Lock, Christopher J"]
[Result "1/2-1/2"]
[WhiteElo "2072"]
[BlackElo "2011"]
[PlyCount "24"]
[EventDate "2014.07.28"]
[EventType "swiss"]
[EventRounds "5"]
[EventCountry "WLS"]
[SourceTitle "EXT 2017"]
[Source "ChessBase"]
[SourceDate "2016.10.25"]
[SourceVersion "1"]
[SourceVersionDate "2016.10.25"]
[SourceQuality "1"]

1. e4 e6 2. d4 d5 3. Nc3 Bb4 4. Nge2 dxe4 5. a3 Be7 6. Nxe4 Nf6 7. N2g3 Nbd7 8. Be2 0-0 9. 0-0 c5 10. dxc5 Nxe4 11. Nxe4 Nxc5 12. Nxc5 Bxc5 1/2-1/2

[Event "BCF-ch Week2 AM op"]
[Site "Aberystwyth"]
[Date "2014.07.28"]
[Round "1"]
[White "Archer Lock, Christopher J"]
[Black "Freeland, Alex"]
[Result "1-0"]
[WhiteElo "2011"]
[BlackElo "1800"]
[PlyCount "57"]
[EventDate "2014.07.28"]
[EventType "swiss"]
[EventRounds "5"]
[EventCountry "WLS"]
[SourceTitle "EXT 2017"]
[Source "ChessBase"]
[SourceDate "2016.10.25"]
[SourceVersion "1"]
[SourceVersionDate "2016.10.25"]
[SourceQuality "1"]

1. e4 c5 2. Nc3 Nc6 3. Bb5 e6 4. Bxc6 bxc6 5. f4 Nf6 6. d3 d5 7. e5 Nd7 8. Nf3 Ba6 9. 0-0 c4 10. d4 Be7 11. Ne2 0-0 12. c3 Rb8 13. Ng3 c5 14. Rf2 Rb7 15. Be3 Qc7 16. Qc2 cxd4 17. Bxd4 Nc5 18. Bxc5 Bxc5 19. Nd4 Rfb8 20. Rb1 Bxd4 21. cxd4 Qa5 22. Qd1 Rb6 23. Nh5 Kf8 24. Qg4 g6 25. Nf6 Rxb2 26. Rc1 Qc7 27. Rxb2 Rxb2 28. Qh3 Qc6 29. Qa3+ 1-0

[Event "High Wycombe e2e4 op U2050"]
[Site "High Wycombe"]
[Date "2013.10.13"]
[Round "5"]
[White "Othman, Mustapha"]
[Black "Archer Lock, Christopher J"]
[Result "1/2-1/2"]
[WhiteElo "1907"]
[BlackElo "2025"]
[PlyCount "92"]
[EventDate "2013.10.11"]
[EventType "swiss"]
[EventRounds "5"]
[EventCountry "ENG"]
[SourceTitle "EXT 2015"]
[Source "ChessBase"]
[SourceDate "2014.11.20"]
[SourceVersion "1"]
[SourceVersionDate "2014.11.20"]
[SourceQuality "1"]

1. e4 e6 2. d4 d5 3. Nd2 Nf6 4. e5 Nfd7 5. Bd3 c5 6. c3 Nc6 7. Ne2 cxd4 8. cxd4 f6 9. exf6 Nxf6 10. 0-0 Bd6 11. Nf3 Qc7 12. Bg5 0-0 13. Rc1 h6 14. Bxf6 Rxf6 15. Ng3 Bxg3 16. hxg3 Qb6 17. Bb1 Qxb2 18. Qd3 Rxf3 19. gxf3 Qxd4 20. Rxc6 Qxd3 21. Rxc8+ Rxc8 22. Bxd3 Rc3 23. Rd1 Ra3 24. Rd2 Kf7 25. Kf1 a6 26. Ke2 Kf6 27. Bb1 b5 28. Rd3 Ra4 29. f4 Rb4 30. Rb3 Rc4 31. Bd3 Ra4 32. a3 e5 33. fxe5+ Kxe5 34. f4+ Kd6 35. Rc3 d4 36. Rb3 Kc5 37. Kf3 Kd5 38. Kg4 Rc4 39. Bxc4+ bxc4 40. Rb7 Ke4 41. Rxg7 h5+ 42. Kg5 d3 43. Rc7 d2 44. Rxc4+ Ke3 45. Rc3+ Ke4 46. Rc4+ Ke3 1/2-1/2

[Event "Sunningdale e2e4 op U2050 05"]
[Site "Sunningdale"]
[Date "2013.05.27"]
[Round "6"]
[White "Archer Lock, Christopher J"]
[Black "Zhang, Anthony"]
[Result "1-0"]
[WhiteElo "2039"]
[BlackElo "1786"]
[PlyCount "61"]
[EventDate "2013.05.24"]
[EventType "swiss"]
[EventRounds "7"]
[EventCountry "ENG"]
[SourceTitle "EXT 2014"]
[Source "ChessBase"]
[SourceDate "2013.11.20"]
[SourceVersion "1"]
[SourceVersionDate "2013.11.20"]
[SourceQuality "1"]

1. e4 c5 2. Nc3 Nc6 3. Bb5 Nd4 4. Bc4 e6 5. Nge2 Nf6 6. 0-0 a6 7. a3 b5 8. Ba2 Be7 9. e5 Ng8 10. Nxd4 cxd4 11. Qf3 Rb8 12. Ne2 Nh6 13. Nxd4 Qb6 14. c3 Bb7 15. Qe2 d6 16. d3 dxe5 17. Qxe5 Bd6 18. Qh5 Qc5 19. Nxe6 Qxh5 20. Nxg7+ Kd8 21. Nxh5 Rg8 22. Ng3 Nf5 23. Bxf7 Rg7 24. Be6 Nh4 25. Bh3 Kc7 26. Be3 Rbg8 27. Bd4 Rg6 28. Rae1 h5 29. Be5 Bxe5 30. Rxe5 Rg5 31. Rfe1 1-0

[Event "Paignton op"]
[Site "Paignton"]
[Date "2012.09.04"]
[Round "3"]
[White "Littlejohns, David"]
[Black "Archer Lock, Christopher J"]
[Result "1/2-1/2"]
[WhiteElo "2055"]
[BlackElo "2062"]
[PlyCount "33"]
[EventDate "2012.09.02"]
[EventType "swiss"]
[EventRounds "7"]
[EventCountry "ENG"]
[SourceTitle "CBM 150 Extra"]
[Source "ChessBase"]
[SourceDate "2012.10.19"]
[SourceVersion "1"]
[SourceVersionDate "2012.10.19"]
[SourceQuality "1"]

1. e4 e6 2. d4 d5 3. exd5 exd5 4. Nf3 Nc6 5. c3 Bd6 6. Bg5 f6 7. Bh4 Nge7 8. Bd3 Bg4 9. Bg3 Qd7 10. Nbd2 Qe6+ 11. Qe2 Qxe2+ 12. Bxe2 0-0-0 13. Bd3 Bf5 14. Bxf5+ Nxf5 15. 0-0-0 h5 16. Bxd6 Nxd6 17. Rde1 1/2-1/2

[Event "BCF-chT4 0607 (4NCL)"]
[Site "Sunningdale"]
[Date "2007.05.27"]
[Round "10.35"]
[White "Archer Lock, Christopher J"]
[Black "Foord, Dominic"]
[Result "1/2-1/2"]
[WhiteElo "2065"]
[BlackElo "1969"]
[PlyCount "66"]
[EventDate "2006.09.16"]
[EventType "team"]
[EventRounds "11"]
[EventCountry "ENG"]
[SourceTitle "EXT 2008"]
[Source "ChessBase"]
[SourceDate "2007.11.25"]
[SourceVersion "1"]
[SourceVersionDate "2007.11.25"]
[SourceQuality "1"]
[WhiteTeam "Conquistadors"]
[BlackTeam "Coventry"]
[WhiteTeamCountry "ENG"]
[BlackTeamCountry "ENG"]

1. d4 e6 2. Nf3 f5 3. Bg5 Nf6 4. Nbd2 Be7 5. Bxf6 Bxf6 6. e4 0-0 7. Bd3 d5 8. e5 Be7 9. Qe2 c5 10. c3 Nc6 11. dxc5 Bxc5 12. Nb3 Bb6 13. Nfd4 Bxd4 14. cxd4 Qb6 15. Qe3 f4 16. Qd2 Kh8 17. Be2 a5 18. 0-0 a4 19. Nc5 Nxe5 20. Nxe6 Qxe6 21. dxe5 Qxe5 22. Bf3 Be6 23. Rfe1 Qf5 24. Rac1 Rfc8 25. Qd4 Rc6 26. h3 Qf7 27. Qe5 Rxc1 28. Rxc1 Qf6 29. Qxf6 gxf6 30. Rd1 Ra5 31. Rd4 a3 32. bxa3 Rxa3 33. Bxd5 Bxd5 1/2-1/2

[Event "BCF-chT4 0607 (4NCL)"]
[Site "Sunningdale"]
[Date "2007.02.10"]
[Round "5.2"]
[White "Archer Lock, Christopher J"]
[Black "Thompson, Brian"]
[Result "1/2-1/2"]
[WhiteElo "2065"]
[BlackElo "2000"]
[PlyCount "94"]
[EventDate "2006.09.16"]
[EventType "team"]
[EventRounds "11"]
[EventCountry "ENG"]
[SourceTitle "EXT 2008"]
[Source "ChessBase"]
[SourceDate "2007.11.25"]
[SourceVersion "1"]
[SourceVersionDate "2007.11.25"]
[SourceQuality "1"]
[WhiteTeam "Conquistadors"]
[BlackTeam "Notts II"]
[WhiteTeamCountry "ENG"]
[BlackTeamCountry "ENG"]

1. d4 Nf6 2. c4 g6 3. Nc3 Bg7 4. Nf3 0-0 5. Bf4 d6 6. e3 c6 7. Be2 Nbd7 8. h3 a6 9. a4 Re8 10. 0-0 Nf8 11. b4 Nh5 12. Bh2 Bd7 13. Qb3 e5 14. g4 e4 15. Nd2 Nf6 16. Bxd6 Bxg4 17. hxg4 Qxd6 18. g5 Nh5 19. Ncxe4 Qd7 20. Kg2 Qf5 21. Qb1 Ne6 22. Nf6+ Nxf6 23. Qxf5 gxf5 24. gxf6 Bxf6 25. Bd3 Ng7 26. Rh1 Re6 27. Kf3 Be7 28. c5 Bd8 29. Nc4 Bc7 30. Rag1 Rg6 31. Ke2 Re8 32. Kf3 Ree6 33. Bc2 Rxg1 34. Rxg1 Rg6 35. Rh1 h5 36. Nb2 Rh6 37. Rh4 Bd8 38. Rh1 h4 39. Nd3 Bc7 40. Nf4 Bxf4 41. Kxf4 Rh5 42. Bd1 Rh6 43. Be2 Kf8 44. b5 axb5 45. axb5 Ke7 46. b6 Kf6 47. Bf1 Ne6+ 1/2-1/2